000 00803nam a22002297a 4500
005 20130521150251.0
010 _aB-519529-530
020 _a9788131715574
_c785.00
035 _aB-519529-530
037 _bKBD/Ven
082 _a577
100 _aSmith.Thomas M
245 _aElements of elecology /
_cby Smith.Thomas M.
250 _a6th ed.
260 _aNew Delhi
_bPearson Education
_c2011
270 _a11,Community Centre, Panchsheel Park
_bNew Delhi
_e110017
300 _axxiv,6 58p.
_c26cm(pbk)
500 _aIncludes index
700 _dSmith.Robert Leo
942 _2ddc
_cEN
_h577
_mSMI
999 _c74830
_d74830